• 首页
  • 本馆介绍
  • 公告通知
  • 最新文献
  • 馆藏检索
  • 电子资源
  • 读者导购
  • 参考咨询
  • 我的图书馆
  • 登录
  • 详细信息显示
  • 放入我的书架
  • 预约/预借图书
  • 作者相关作品
  • 分类相关作品
  • 丛书相关作品
  • 出版社相关作品

书目信息

  • 表格格式
  • 工作单格式
  • 卡片格式
题名:
遗传浅说
    
 
作者: 梁祖霞 编写
分册:  
出版信息: 上海   上海科学技术出版社  1981
页数: 204页
开本: 19cm
丛书名:
单 册:
中图分类: Q3
科图分类:
主题词: 遗传学
电子资源:
ISBN:
000 00599nam0 2200241 45
001 0181005048
005 20070922161622.01
010    @dCNY0.55
091    @a13119.503
100    @a19950524d1981 em y0chiy0121 ea
101 0  @achi
102    @aCN@b310000
105    @ay z 000yy
200 10 @a遗传浅说@Ayi chuan qian shuo@f梁祖霞编写
205    @a2版
210    @a上海@c上海科学技术出版社@d1981
215    @a204页@d19cm
606    @a遗传学
690    @aQ3@v3
701  0 @a梁祖霞@Aliang zu xia@4编写
801  2 @aCN@bNLC@c20070922
801  0 @aCN@b上海图书馆@c20040524
905    @dQ3@e11=2
    
    遗传浅说/梁祖霞编写.-2版.-上海:上海科学技术出版社,1981
    204页;19cm
    
    
    ISBN :CNY0.55
    
●
相关链接 在E读中查询图书 在五车中查询图书 在当当中查询图书 在豆瓣中查询图书


正题名:遗传浅说     索取号:Q3/11=2         预约/预借

序号 登录号 条形码 馆藏地/架位号 状态 备注
1 0056093   000624328   第三借阅区/ [索取号:Q3/11=2] 在馆    
2 0056094   202104105   第二样本阅览室/ [索取号:Q3/11=2] 在馆    
3 626058   206260589   密集书库/ [索取号:Q3/11=2] 在馆    
唐山师范学院图书馆 欢迎您!
大连网信软件有限公司© 版权所有